| 000 | 00537nam a2200193Ia 4500 | ||
|---|---|---|---|
| 005 | 20250508162644.0 | ||
| 008 | 008 250505s9999 xx 000 0 eng d | ||
| 020 | _a0-631-14271-1 | ||
| 037 | _aTextual | ||
| 040 |
_aFEDL _beng _cFEDL |
||
| 041 |
_aeng _2eng |
||
| 084 |
_a306.44, WAR _qFEDL |
||
| 100 | _aWardhaugh Ronald | ||
| 245 | 0 | _aIntroducation to sociolinguistics | |
| 260 |
_aNew York, USA _bBasil Blackwell Limited _c1986 |
||
| 300 | _avi,383p. | ||
| 942 |
_cTEXL _h306.44, WAR |
||
| 999 |
_c1377874 _d1377874 |
||